000 00895nam a2200253 i 4500
001 bg
245 0 0 _aRuch ludowy - państwo - demokracja w stulecie ruchu ludowego :
_bzbiór artykułów /
_cpod red. nauk. Andrzeja Kudłaszyka, Andrzeja Małkiewicza i Mateusza Niecia.
260 _aWrocław :
_bOficyna Wydawnicza Politechniki Wrocławskiej,
_c1996.
300 _a82, [1] s. ;
_c24 cm.
504 _aBibliogr. przy art.
650 9 _aChłopi
_xorganizacje
_xhistoria
_zPolska
650 9 _aRuchy społeczne
_xhistoria
_zPolska
_y19-20 w.
655 _aSzkice literackie
700 1 _aKUDŁASZYK, Andrzej.
_eRed.
700 1 _aMAŁKIEWICZ, Andrzej.
_eRed.
700 1 _aNIEĆ, Mateusz.
_eRed.
020 _a8370852114
040 _cBPK
041 0 _apl
080 _a943.8.07/.084::323.325"18/19"
920 _a83-7085-211-4
942 _cKS
008 s pl f |000 0 pol
999 _c31045
_d31045
856 _uhttp://koha.tu.koszalin.pl/cgi-bin/koha/opac-detail.pl?biblionumber=31045
_yKatalog online BPK